<?xml version="1.0" encoding="UTF-8"?>
<collection xmlns="http://www.loc.gov/MARC21/slim">
 <record>
  <leader>00564nam a2200193   4500</leader>
  <controlfield tag="001">000025228</controlfield>
  <controlfield tag="003">21721</controlfield>
  <controlfield tag="005">20170613100624.0</controlfield>
  <controlfield tag="008">170613s                               sd</controlfield>
  <datafield tag="245" ind1="1" ind2="0">
   <subfield code="a">Những gương mặt giáo sư Việt Nam</subfield>
  </datafield>
  <datafield tag="774" ind1=" " ind2=" ">
   <subfield code="d">H.</subfield>
   <subfield code="d">Nxb. Thanh Niên</subfield>
   <subfield code="d">2017</subfield>
   <subfield code="g">Tập 3</subfield>
   <subfield code="h">475 tr.</subfield>
   <subfield code="t">Những gương mặt giáo sư Việt Nam</subfield>
   <subfield code="w">21722</subfield>
  </datafield>
  <datafield tag="OWN" ind1=" " ind2=" ">
   <subfield code="a">LSP</subfield>
  </datafield>
  <datafield tag="999" ind1=" " ind2=" ">
   <subfield code="a">From the UDN01</subfield>
  </datafield>
  <datafield tag="TYP" ind1=" " ind2=" ">
   <subfield code="a">Monograph</subfield>
  </datafield>
  <datafield tag="TYP" ind1=" " ind2=" ">
   <subfield code="a">Printed language</subfield>
  </datafield>
  <datafield tag="980" ind1=" " ind2=" ">
   <subfield code="a">Mạng thư viện Đại học Đà Nẵng</subfield>
  </datafield>
 </record>
</collection>
